[Event "Montigny le Bretonneux op 25th"]
[Site "Montigny le Bretonneux"]
[Date "2023.05.21"]
[Round "7"]
[White "Nosperger, Theo"]
[Black "Durez, Gerard"]
[Result "1/2-1/2"]
[WhiteElo "1199"]
[BlackElo "1379"]
[PlyCount "77"]
[EventDate "2023.05.18"]
[EventType "swiss"]
[EventRounds "9"]
[EventCountry "FRA"]
[SourceTitle "CBM 214 Extra"]
[Source "ChessBase"]
[SourceDate "2023.07.31"]
[SourceVersion "1"]
[SourceVersionDate "2023.07.31"]
[SourceQuality "1"]

1. e4 c6 2. Nf3 g6 3. d4 Bg7 4. Nc3 e6 5. Bd3 Ne7 6. 0-0 0-0 7. Be3 b5 8. Qd2 f5 9. e5 b4 10. Ne2 Nd5 11. Bh6 Qe7 12. Bxg7 Qxg7 13. Nf4 Nxf4 14. Qxf4 a5 15. a3 Na6 16. Qd2 Bb7 17. Bxa6 Bxa6 18. Rfe1 Rfb8 19. axb4 axb4 20. Ra4 Qf8 21. h3 Bc4 22. Rea1 Rxa4 23. Rxa4 Bd5 24. Ne1 d6 25. exd6 Qxd6 26. Nd3 b3 27. c3 Be4 28. Rb4 Bxd3 29. Rxb8+ Qxb8 30. Qxd3 Qb6 31. Qc4 Kf7 32. Kf1 g5 33. Ke2 h5 34. Ke3 h4 35. Kf3 Kf6 36. Qe2 Qc7 37. Qe3 Qd6 38. g3 Qd5+ 39. Ke2 1/2-1/2

[Event "Montigny le Bretonneux op 25th"]
[Site "Montigny le Bretonneux"]
[Date "2023.05.20"]
[Round "5"]
[White "Nosperger, Theo"]
[Black "Moulun, Raphael"]
[Result "1-0"]
[WhiteElo "1199"]
[BlackElo "1355"]
[PlyCount "116"]
[EventDate "2023.05.18"]
[EventType "swiss"]
[EventRounds "9"]
[EventCountry "FRA"]
[SourceTitle "CBM 214 Extra"]
[Source "ChessBase"]
[SourceDate "2023.07.31"]
[SourceVersion "1"]
[SourceVersionDate "2023.07.31"]
[SourceQuality "1"]

1. d4 Nf6 2. c4 e6 3. Nf3 c5 4. e3 Nc6 5. Nc3 d5 6. Bd3 Bd7 7. 0-0 Bd6 8. Bd2 a6 9. a3 Qc7 10. Qc2 Ng4 11. h3 Nf6 12. Rfe1 0-0-0 13. Ng5 Be8 14. Nxh7 Nxh7 15. Bxh7 cxd4 16. Ne2 g6 17. Bxg6 fxg6 18. Nxd4 Bd7 19. Qxg6 Rdg8 20. Qf7 Nd8 21. Qf3 dxc4 22. Kf1 e5 23. Nf5 Bxf5 24. Qxf5+ Kb8 25. Bc3 Rf8 26. Qe4 Nc6 27. Rad1 Rf6 28. Qxc4 Rhf8 29. f3 b5 30. Qd5 Ne7 31. Qd3 Ng6 32. Qe4 Rh8 33. Rd2 Rh4 34. Qd5 Ne7 35. Qd3 e4 36. Qc2 exf3 37. Bxf6 Rc4 38. Qd1 Bc5 39. Bxe7 fxg2+ 40. Kxg2 Qc6+ 41. Qf3 Qxf3+ 42. Kxf3 Bxe7 43. Rd4 Rc8 44. h4 Rf8+ 45. Rf4 Re8 46. h5 Bd6 47. Rd4 Kc7 48. e4 Rh8 49. Rh1 Rf8+ 50. Ke3 Bc5 51. h6 Bxd4+ 52. Kxd4 Kd7 53. h7 Rh8 54. Ke5 Ke7 55. Kf5 Kf7 56. e5 Kg7 57. e6 Rxh7 58. Rxh7+ Kxh7 1-0

[Event "Montigny le Bretonneux op 25th"]
[Site "Montigny le Bretonneux"]
[Date "2023.05.18"]
[Round "3"]
[White "Nosperger, Theo"]
[Black "Bouloc, Roger"]
[Result "1-0"]
[WhiteElo "1199"]
[BlackElo "1357"]
[PlyCount "39"]
[EventDate "2023.05.18"]
[EventType "swiss"]
[EventRounds "9"]
[EventCountry "FRA"]
[SourceTitle "CBM 214 Extra"]
[Source "ChessBase"]
[SourceDate "2023.07.31"]
[SourceVersion "1"]
[SourceVersionDate "2023.07.31"]
[SourceQuality "1"]

1. e4 c5 2. Nf3 Nc6 3. Bc4 e6 4. Nc3 a6 5. a4 Bd6 6. 0-0 Ne5 7. Nxe5 Bxe5 8. f4 Bxc3 9. dxc3 b6 10. Qf3 Bb7 11. f5 Nf6 12. Bd3 h6 13. Bd2 0-0 14. Qg3 Nxe4 15. Bxe4 Bxe4 16. Bxh6 Qf6 17. Bg5 Qd8 18. Bxd8 Raxd8 19. f6 g6 20. Qh4 1-0